MARC

LEADER 00000nam0a2200000 4500
001 101066
005 20231031112516.0
035 |a (RuTPU)RU\TPU\book\108815 
035 |a RU\TPU\book\108813 
090 |a 101066 
100 |a 20060831d1981 k y0rusy50 ca 
101 0 |a rus 
102 |a RU 
105 |a a z 000zy 
200 1 |a Управляемые механические системы  |e сборник научных трудов  |f Иркутский политехнический институт 
210 |a Иркутск  |c Изд-во ИркПИ  |d 1981 
215 |a 172 с.  |c ил. 
320 |a Библиография в конце глав. 
610 1 |a механические системы 
610 1 |a вибрация 
610 1 |a удары 
610 1 |a защита 
610 1 |a динамические явления 
610 1 |a динамические свойства 
610 1 |a механические системы 
675 |a 681.51.075  |v 3 
712 0 2 |a Иркутский политехнический институт  |2 stltpush  |3 (RuTPU)RU\TPU\col\233 
801 1 |a RU  |b 63413507  |c 20060831  |g PSBO 
801 2 |a RU  |b 63413507  |c 20070118  |g PSBO 
942 |c BK